[Event "Altenessen- Haltern"]
[Site "?"]
[Date "2023.10.29"]
[Round "3.7"]
[White "Stueer, Justus"]
[Black "Kuhn, Manfred"]
[Result "0-1"]
[WhiteElo "1658"]
[BlackElo "2026"]
[PlyCount "64"]
[SourceDate "2023.11.07"]

1. e4 e6 2. Nf3 d5 3. Nc3 Nf6 4. e5 Nfd7 5. d4 c5 6. Bg5 f6 7. exf6 Nxf6 8. Ne5
a6 9. f4 Nc6 10. dxc5 Bxc5 11. Qd2 O-O 12. O-O-O Bb4 13. a3 Bd6 14. Bxf6 Rxf6
15. Ne4 Bxe5 16. fxe5 Rf5 17. Nd6 Rxe5 18. Nxc8 Rxc8 19. h4 Na5 20. Kb1 Nc4 21.
Qd4 Qb6 22. Bxc4 Qxd4 23. Rxd4 Rxc4 24. Rhd1 Re4 25. Rxc4 Rxc4 26. Re1 Kf7 27.
g3 Re4 28. Rxe4 dxe4 29. Kc1 Kf6 30. Kd2 Kf5 31. Ke3 Kg4 32. Kxe4 Kxg3 0-1

[Event "Altenessen- Haltern"]
[Site "?"]
[Date "2023.10.29"]
[Round "3.8"]
[White "Brinkaemper, Maik"]
[Black "Czarnik, Stanislaw"]
[Result "1/2-1/2"]
[WhiteElo "1653"]
[BlackElo "1449"]
[PlyCount "36"]
[SourceDate "2023.11.07"]

1. d4 Nf6 2. c4 e6 3. Nf3 d5 4. Nc3 a6 5. Bg5 dxc4 6. e4 Be7 7. Bxc4 b5 8. Bd3
Bb7 9. a3 h6 10. Bh4 O-O 11. O-O Nbd7 12. Re1 c5 13. Bc2 cxd4 14. Nxd4 Nc5 15.
Nf3 a5 16. Qxd8 Rfxd8 17. Bg3 Nd3 18. Bxd3 Rxd3 1/2-1/2

[Event "Welper 2- Rüttenscheid"]
[Site "?"]
[Date "2023.10.29"]
[Round "3.1"]
[White "Michalek, Christoph"]
[Black "Adiyaman, Rene"]
[Result "1-0"]
[WhiteElo "2144"]
[BlackElo "2090"]
[PlyCount "101"]
[SourceDate "2023.11.07"]

1. c4 Nf6 2. Nc3 e5 3. Nf3 Nc6 4. e3 h6 5. Qc2 g5 6. a3 d6 7. h3 Bg7 8. b4 a5
9. b5 Ne7 10. Bb2 b6 11. d4 Ng6 12. Bd3 exd4 13. Nxd4 Ne5 14. Be2 Bb7 15. Nf5
Bf8 16. Nd5 Nxd5 17. cxd5 Rg8 18. Qe4 Qf6 19. f4 gxf4 20. exf4 O-O-O 21. fxe5
dxe5 22. Bc4 Qg5 23. g3 Bc5 24. Rd1 Qf6 25. Rf1 Kb8 26. Bc1 Qg6 27. g4 h5 28.
g5 f6 29. h4 fxg5 30. Bxg5 Rdf8 31. Rd3 Rf7 32. Rdf3 Rgf8 33. a4 Bb4+ 34. Ke2
Bc8 35. Bd3 Qg8 36. Ne3 Bc5 37. Rxf7 Rxf7 38. Rxf7 Qxf7 39. Qg6 Qf8 40. Qf6 e4
41. Bxe4 Qe8 42. Kd3 Bxe3 43. Bxe3 Qd7 44. Qc6 Qg4 45. d6 Qd1+ 46. Bd2 Qb3+ 47.
Ke2 Bg4+ 48. Kf2 Qf7+ 49. Kg1 Kc8 50. d7+ Qxd7 51. Qa8# 1-0

[Event "Welper 2- Rüttenscheid"]
[Site "?"]
[Date "2023.10.29"]
[Round "3.2"]
[White "Sharma, Danesh"]
[Black "Dorgarten, Armin"]
[Result "1/2-1/2"]
[WhiteElo "1956"]
[BlackElo "1912"]
[PlyCount "119"]
[SourceDate "2023.11.07"]

1. e4 c5 2. c3 d5 3. exd5 Qxd5 4. d4 Nc6 5. Nf3 e6 6. Be2 Nf6 7. O-O Qd6 8. Na3
cxd4 9. Nb5 Qb8 10. Nfxd4 Bd7 11. Bf3 Be7 12. Nxc6 Bxc6 13. Bxc6+ bxc6 14. Nd4
Qc7 15. Qf3 Rc8 16. Bf4 Qb6 17. b3 O-O 18. Rfe1 c5 19. Nf5 Rfe8 20. Nxe7+ Rxe7
21. Bg5 e5 22. Bxf6 Qxf6 23. Qxf6 gxf6 24. Rad1 Kg7 25. Rd5 a5 26. Re4 h5 27.
f4 c4 28. Rxc4 Rxc4 29. bxc4 Rc7 30. fxe5 Rxc4 31. exf6+ Kg6 32. Rxa5 Rxc3 33.
a4 Ra3 34. Ra6 Ra2 35. h4 Kf5 36. Kh2 Ra3 37. a5 Kg6 38. Kg1 Ra2 39. Kf1 Kf5
40. g3 Kg4 41. Ra7 Kxg3 42. Rxf7 Rxa5 43. Rg7+ Kf3 44. Kg1 Rf5 45. f7 Rf4 46.
Kf1 Rf6 47. Ke1 Ke4 48. Ke2 Rf4 49. Rh7 Rf6 50. Rg7 Rf4 51. Kd2 Rf2+ 52. Kc3
Rf4 53. Rh7 Rf6 54. Kc4 Rc6+ 55. Kb5 Rf6 56. Kc5 Ke5 57. Rxh5+ Ke6 58. Rh6 Kxf7
59. Rxf6+ Kxf6 60. h5 1/2-1/2

[Event "Welper 2- Rüttenscheid"]
[Site "?"]
[Date "2023.10.29"]
[Round "3.3"]
[White "Kreitling, Oliver"]
[Black "Nuernberger, David"]
[Result "1-0"]
[WhiteElo "1900"]
[BlackElo "1776"]
[PlyCount "93"]
[SourceDate "2023.11.07"]

1. d4 Nf6 2. c4 e6 3. Nc3 c5 4. d5 exd5 5. cxd5 d6 6. e4 g6 7. Nf3 Bg7 8. Bd3
O-O 9. O-O Bg4 10. h3 Bxf3 11. Qxf3 a6 12. a4 Nbd7 13. Bf4 Ne5 14. Bxe5 dxe5
15. Qe3 Rc8 16. Rfb1 Ne8 17. Nd1 Nd6 18. b3 f5 19. f3 fxe4 20. Bxe4 Nf5 21. Qd3
Bh6 22. Bxf5 gxf5 23. Nc3 Bg7 24. Ra2 Qf6 25. Rc2 e4 26. Qf1 Qh4 27. Ne2 Be5
28. Qf2 Qxf2+ 29. Kxf2 Bd4+ 30. Kf1 Kf7 31. Rd1 Rcd8 32. Nf4 Rfe8 33. Ne6 Rc8
34. Nxd4 cxd4 35. Rxc8 Rxc8 36. Rxd4 exf3 37. gxf3 Rc3 38. Rb4 Rc7 39. Ke2 Rd7
40. Ke3 Kg6 41. Kd4 Kf6 42. h4 Re7 43. Rb6+ Kf7 44. d6 Re1 45. Rxb7+ Kf6 46.
Rxh7 Ke6 47. Re7+ 1-0

[Event "Welper 2- Rüttenscheid"]
[Site "?"]
[Date "2023.10.29"]
[Round "3.4"]
[White "Teich, Udo"]
[Black "Storp, Thomas"]
[Result "1/2-1/2"]
[WhiteElo "1857"]
[BlackElo "1892"]
[PlyCount "49"]
[SourceDate "2023.11.07"]

1. d4 d5 2. c4 e6 3. Nc3 Nf6 4. cxd5 exd5 5. Bg5 Be7 6. e3 O-O 7. Bd3 c6 8. Qc2
h6 9. Bh4 Be6 10. Nge2 Nh5 11. Bg3 Nd7 12. Nf4 Nxf4 13. exf4 Nf6 14. f5 Bc8 15.
O-O Nh7 16. Rfe1 Bd6 17. Ne2 Qc7 18. Qd2 Bd7 19. Rac1 Rae8 20. Bxd6 Qxd6 21.
Ng3 Nf6 22. h3 Rxe1+ 23. Rxe1 Re8 24. Rxe8+ Bxe8 25. a3 1/2-1/2

[Event "Welper 2- Rüttenscheid"]
[Site "?"]
[Date "2023.10.29"]
[Round "3.5"]
[White "Leimkuehler, Dirk"]
[Black "Koprek, Juergen"]
[Result "1/2-1/2"]
[WhiteElo "1804"]
[BlackElo "1874"]
[PlyCount "46"]
[SourceDate "2023.11.07"]

1. d4 f5 2. Nc3 Nf6 3. Bg5 e6 4. Bxf6 Qxf6 5. e3 Bb4 6. Nge2 O-O 7. a3 Bxc3+ 8.
Nxc3 f4 9. Qd2 fxe3 10. fxe3 b6 11. O-O-O Bb7 12. Bd3 Qf2 13. Rhf1 Qxd2+ 14.
Rxd2 Rxf1+ 15. Bxf1 Ba6 16. Rf2 Bxf1 17. Rxf1 Nc6 18. Kd2 a6 19. b4 b5 20. Kd3
d5 21. g4 Re8 22. h4 Nd8 23. a4 c6 1/2-1/2

[Event "Welper 2- Rüttenscheid"]
[Site "?"]
[Date "2023.10.29"]
[Round "3.6"]
[White "Heidt, Viktor"]
[Black "Berger, Nils"]
[Result "1/2-1/2"]
[WhiteElo "1826"]
[BlackElo "1837"]
[PlyCount "88"]
[SourceDate "2023.11.07"]

1. c4 e5 2. Nc3 Nc6 3. Nf3 g6 4. e3 Bg7 5. d4 d6 6. d5 Nce7 7. Be2 f5 8. h4 h6
9. Qc2 Nf6 10. Bd2 c6 11. e4 fxe4 12. Nxe4 Nxe4 13. Qxe4 Bf5 14. Qe3 cxd5 15.
cxd5 O-O 16. O-O Kh7 17. Bc4 Bg4 18. Nh2 Bd7 19. Qe4 Rc8 20. Rac1 Bf5 21. Qe2
Ng8 22. g4 Bd7 23. g5 h5 24. Bd3 Bf5 25. Rxc8 Qxc8 26. Rc1 Qd7 27. Be4 Ne7 28.
f3 Rc8 29. Rxc8 Qxc8 30. Be3 a6 31. Nf1 b5 32. Ng3 Bxe4 33. fxe4 Qh3 34. Bf2
Qxh4 35. Qe3 Qg4 36. Kf1 h4 37. Ne2 Bf8 38. Ng1 Nc8 39. Qf3 Qxf3 40. Nxf3 h3
41. Kg1 Be7 42. Kh2 Bd8 43. Kxh3 Bb6 44. Kg2 Kg7 1/2-1/2

[Event "Welper 2- Rüttenscheid"]
[Site "?"]
[Date "2023.10.29"]
[Round "3.7"]
[White "Bruckmann, Jochen"]
[Black "Sharma, Rakesh"]
[Result "1/2-1/2"]
[WhiteElo "1777"]
[BlackElo "1795"]
[PlyCount "43"]
[SourceDate "2023.11.07"]

1. Nf3 d5 2. e3 Nf6 3. c4 c6 4. b3 Bg4 5. Be2 e6 6. Bb2 Bd6 7. Nc3 O-O 8. Qc2
Nbd7 9. Ng5 Bf5 10. Bd3 Bxd3 11. Qxd3 Ne5 12. Qc2 Rc8 13. f4 Ng6 14. h4 Re8 15.
h5 Nf8 16. Ne2 e5 17. c5 Bc7 18. fxe5 Bxe5 19. d4 Bc7 20. Bc1 Ne4 21. Nxe4 Rxe4
22. Bd2 1/2-1/2

[Event "Welper 2- Rüttenscheid"]
[Site "?"]
[Date "2023.10.29"]
[Round "3.8"]
[White "Wallhof, Dieter"]
[Black "Voelkel, Juergen"]
[Result "1-0"]
[WhiteElo "1777"]
[BlackElo "1795"]
[PlyCount "73"]
[SourceDate "2023.11.07"]

1. Nf3 d5 2. b3 c5 3. Bb2 Nc6 4. e3 Bg4 5. Bb5 Rc8 6. h3 Bh5 7. a4 e6 8. Bxc6+
Rxc6 9. g4 Bg6 10. Ne5 Rc7 11. Na3 Be4 12. f3 Qh4+ 13. Ke2 Qg3 14. Qg1 Qxg1 15.
Raxg1 Bg6 16. h4 f6 17. Nb5 fxe5 18. Nxc7+ Kd7 19. Nb5 Bxc2 20. Nxa7 d4 21. Ra1
Bxb3 22. d3 Nf6 23. e4 c4 24. dxc4 Bxc4+ 25. Kf2 Ne8 26. Rhc1 Nd6 27. Ba3 Ba6
28. Bxd6 Bxd6 29. Nb5 Rf8 30. Rab1 Ra8 31. Nxd6 Kxd6 32. Rb6+ Kd7 33. Rc5 Ke7
34. Rxe5 Bc4 35. Rxb7+ Kf6 36. Rg5 Rxa4 37. e5# 1-0

[Event "Unna- Dortmund 2"]
[Site "?"]
[Date "2023.10.29"]
[Round "3.1"]
[White "Koehler, Eckart"]
[Black "Barskij, Aleksandr"]
[Result "1/2-1/2"]
[WhiteElo "1886"]
[BlackElo "1844"]
[PlyCount "49"]
[SourceDate "2023.11.07"]

1. d4 Nf6 2. Bg5 d5 3. e3 Ne4 4. Bf4 c5 5. Bd3 Nc6 6. Bxe4 dxe4 7. c3 cxd4 8.
exd4 e5 9. dxe5 Qxd1+ 10. Kxd1 Bc5 11. Nd2 Bf5 12. Ne2 Bxf2 13. Ng3 Bg4+ 14.
Kc2 e3 15. Nde4 Bxg3 16. Nxg3 Rd8 17. Bxe3 O-O 18. Rae1 Rfe8 19. Bf4 Rd5 20.
Re3 Nxe5 21. Rhe1 f6 22. b4 Red8 23. Bxe5 Rd2+ 24. Kc1 fxe5 25. h3 1/2-1/2

[Event "Unna- Dortmund 2"]
[Site "?"]
[Date "2023.10.29"]
[Round "3.2"]
[White "Kraemer, Sascha"]
[Black "Haneberg, Alexander"]
[Result "1-0"]
[WhiteElo "1858"]
[BlackElo "1803"]
[PlyCount "81"]
[SourceDate "2023.11.07"]

1. e4 c6 2. d4 d5 3. Nc3 dxe4 4. Nxe4 Nf6 5. Nxf6+ exf6 6. Nf3 Bd6 7. Bd3 O-O
8. Be3 Na6 9. Bxa6 Qa5+ 10. Nd2 Qxa6 11. c4 f5 12. g3 Be6 13. Qc2 Rad8 14. O-O
Be7 15. Rac1 Qa5 16. f4 a6 17. b3 g6 18. Nf3 f6 19. Qf2 Rd7 20. Rfe1 Bf7 21.
Re2 Rfd8 22. Kg2 Kg7 23. d5 cxd5 24. Bb6 Qa3 25. Bxd8 Bxd8 26. Rd1 Rd6 27. cxd5
Rxd5 28. Rxd5 Bxd5 29. Rd2 Qa5 30. Qd4 Bxf3+ 31. Kxf3 Be7 32. Qd7 Kf8 33. Re2
Qb4 34. Qc8+ Kg7 35. Qc4 Qd6 36. Kg2 a5 37. Qe6 Qxe6 38. Rxe6 Bc5 39. Re8 Kf7
40. Rb8 b6 41. Rb7+ 1-0

[Event "Unna- Dortmund 2"]
[Site "?"]
[Date "2023.10.29"]
[Round "3.3"]
[White "Lamers, Ludwig"]
[Black "Humpert, Dominik"]
[Result "1-0"]
[WhiteElo "1825"]
[BlackElo "1814"]
[PlyCount "75"]
[SourceDate "2023.11.07"]

1. d4 e6 2. c4 d5 3. Nf3 c5 4. cxd5 exd5 5. Nc3 Nc6 6. Bg5 f6 7. Be3 cxd4 8.
Nxd4 Bb4 9. Qb3 Qa5 10. Rc1 Nge7 11. g3 Nf5 12. Nxf5 Bxf5 13. Bg2 O-O-O 14. Bd2
Kb8 15. a3 Bc5 16. Na4 Nd4 17. Qxb7+ Kxb7 18. Nxc5+ Kb6 19. Bxa5+ Kxa5 20. Nb7+
Ka4 21. Nxd8 Rxd8 22. Rc7 a5 23. e3 Ne6 24. Rc3 Be4 25. Bxe4 dxe4 26. Rc4+ Kb3
27. Rxe4 Ng5 28. Re7 Kxb2 29. Rb7+ Kxa3 30. Ke2 Ka2 31. Rhb1 Ne4 32. R1b2+ Ka3
33. R7b3+ Ka4 34. f3 Nc5 35. Rc3 Na6 36. Ra2+ Kb4 37. Rca3 Rd5 38. Ra4+ 1-0

[Event "Unna- Dortmund 2"]
[Site "?"]
[Date "2023.10.29"]
[Round "3.4"]
[White "Franck, Axel"]
[Black "Dohmann, Dorothea"]
[Result "0-1"]
[WhiteElo "1714"]
[BlackElo "1785"]
[PlyCount "66"]
[SourceDate "2023.11.07"]

1. b4 Nf6 2. Bb2 d5 3. e3 g6 4. Nf3 Bg7 5. c4 c6 6. Qb3 O-O 7. Nc3 b6 8. a4 Bb7
9. a5 Na6 10. d4 Nc7 11. Be2 dxc4 12. Bxc4 Rb8 13. a6 Ba8 14. O-O c5 15. Ne5 e6
16. b5 Nfd5 17. Rfd1 cxd4 18. exd4 Bxe5 19. dxe5 Qg5 20. Ne4 Qh4 21. Rd4 Kh8
22. Nf6 Qg5 23. Rg4 Qd2 24. Rd1 Qh6 25. Bc1 Qg7 26. Bg5 h5 27. Qh3 Rbd8 28. Rh4
Nf4 29. Rxd8 Nxh3+ 30. Rxh3 Rxd8 31. Nxh5 Rd1+ 32. Bf1 gxh5 33. Bf6 Rxf1+ 0-1

[Event "Unna- Dortmund 2"]
[Site "?"]
[Date "2023.10.29"]
[Round "3.5"]
[White "Lanwehr, Klaus"]
[Black "Irlaender, Walter"]
[Result "1/2-1/2"]
[WhiteElo "1778"]
[BlackElo "1809"]
[PlyCount "89"]
[SourceDate "2023.11.07"]

1. d4 d5 2. c4 e6 3. Nc3 Nf6 4. Bg5 Be7 5. e3 h6 6. Bh4 O-O 7. Nf3 b6 8. cxd5
Nxd5 9. Bg3 Nxc3 10. bxc3 Bb7 11. Be2 c5 12. O-O Nd7 13. Rb1 Nf6 14. Nd2 Ne4
15. Nxe4 Bxe4 16. Rb2 cxd4 17. cxd4 Ba3 18. Rb3 Qe7 19. Bf3 Bxf3 20. Qxf3 Rac8
21. e4 Bc1 22. Rd1 Rfe8 23. h4 Rc2 24. Rc3 Rc8 25. Rxc2 Rxc2 26. d5 Rc5 27. d6
Qd7 28. e5 Bb2 29. Qa8+ Rc8 30. Qe4 f6 31. f4 f5 32. Qb1 Ba3 33. Qb3 Bc5+ 34.
Bf2 Kf7 35. Bxc5 Rxc5 36. Rd2 Rc1+ 37. Kf2 Rc5 38. Rc2 Qc6 39. Rxc5 Qxc5+ 40.
Kg3 g5 41. hxg5 hxg5 42. d7 gxf4+ 43. Kh2 Ke7 44. d8=Q+ Kxd8 45. Qxe6 1/2-1/2

[Event "Unna- Dortmund 2"]
[Site "?"]
[Date "2023.10.29"]
[Round "3.6"]
[White "Bertschik, Jonas"]
[Black "Meinike, Thorsten"]
[Result "0-1"]
[WhiteElo "1653"]
[BlackElo "1751"]
[PlyCount "120"]
[SourceDate "2023.11.07"]

1. d4 d5 2. c4 e6 3. Nc3 Nf6 4. cxd5 exd5 5. Bg5 Be7 6. e3 O-O 7. Qc2 c6 8. Nf3
Be6 9. Bd3 Nbd7 10. O-O h6 11. Bh4 Re8 12. a3 a5 13. Rac1 Nb6 14. Ne5 Nfd7 15.
Bg3 Nc4 16. Bxc4 dxc4 17. a4 Nxe5 18. Bxe5 f6 19. Bg3 Bb4 20. h3 Qd7 21. Na2
Bd5 22. Nxb4 axb4 23. Ra1 b6 24. Qd2 Qe7 25. Qc2 b3 26. Qb1 Qb4 27. Qg6 Be4 28.
Qh5 Re7 29. Qg4 Kh7 30. Qf4 Rxa4 31. Qd6 Qxd6 32. Bxd6 Rea7 33. Rac1 Bd3 34.
Rfe1 Rd7 35. Bf8 Kg8 36. Ba3 b5 37. Bc5 Ra2 38. Ba3 Rxa3 39. bxa3 b2 40. Rcd1
Ra7 41. Rxd3 cxd3 42. Rb1 Rxa3 43. Rxb2 Rc3 44. Rd2 Kf7 45. e4 g5 46. g4 Ke6
47. Kg2 c5 48. dxc5 Ke5 49. Kf3 Kd4 50. c6 Rxc6 51. Rb2 Rb6 52. Ra2 b4 53. Ra8
b3 54. Rd8+ Kc3 55. Ke3 b2 56. Rxd3+ Kc2 57. Rd2+ Kc1 58. Ke2 b1=Q 59. Rd1+ Kc2
60. Rd2+ Kc3 0-1

[Event "Unna- Dortmund 2"]
[Site "?"]
[Date "2023.10.29"]
[Round "3.7"]
[White "Sadeghi Panah, Mishan"]
[Black "Volkermann, Thomas"]
[Result "1/2-1/2"]
[WhiteElo "1641"]
[BlackElo "1647"]
[PlyCount "41"]
[SourceDate "2023.11.07"]

1. d4 Nf6 2. Nf3 d5 3. e3 Bg4 4. Be2 e6 5. O-O Nbd7 6. c4 c6 7. cxd5 cxd5 8. h3
Bh5 9. Qb3 Qb6 10. Qxb6 Nxb6 11. Bb5+ Nbd7 12. Ne5 a6 13. Bxd7+ Nxd7 14. Nxd7
Kxd7 15. Nc3 Bg6 16. a3 b5 17. Bd2 Be7 18. Rfe1 Rhc8 19. e4 dxe4 20. Nxe4 Rc4
21. f3 1/2-1/2

[Event "Unna- Dortmund 2"]
[Site "?"]
[Date "2023.10.29"]
[Round "3.8"]
[White "Rumpf, Thomas"]
[Black "Kumler, Steffen"]
[Result "1/2-1/2"]
[WhiteElo "2020"]
[BlackElo "1703"]
[PlyCount "75"]
[SourceDate "2023.11.07"]

1. e4 c6 2. Nc3 d5 3. Nf3 dxe4 4. Nxe4 Nf6 5. Nxf6+ exf6 6. Bc4 Bd6 7. Qe2+ Qe7
8. Qxe7+ Bxe7 9. O-O O-O 10. Re1 Bd6 11. h3 Bf5 12. c3 h6 13. d4 Nd7 14. Bd2 a5
15. Nh4 Bh7 16. g3 a4 17. Ng2 Nb6 18. Bf1 Nd5 19. b4 Rfe8 20. a3 b5 21. c4 bxc4
22. Bxc4 Be4 23. Rac1 Kf8 24. Ne3 Nxe3 25. Bxe3 f5 26. Bf1 Ke7 27. Rc3 Rab8 28.
f3 Bd5 29. Bf4+ Kd7 30. Rxe8 Rxe8 31. Bxd6 Kxd6 32. Kf2 g5 33. Re3 Re6 34. Be2
f4 35. gxf4 gxf4 36. Rc3 Bb3 37. Ke1 Rg6 38. Bd3 1/2-1/2

[Event "Horst Emscher 2- Bochum 3"]
[Site "?"]
[Date "2023.10.29"]
[Round "3.1"]
[White "Tahashi- Knoche, Farzad"]
[Black "Raabe, Stefan"]
[Result "1/2-1/2"]
[WhiteElo "2069"]
[BlackElo "1894"]
[PlyCount "73"]
[SourceDate "2023.11.07"]

1. d4 d5 2. c4 c6 3. Nf3 Bf5 4. e3 e6 5. Nc3 Nf6 6. Be2 Bb4 7. Bd2 Nbd7 8. Nh4
Bg6 9. Nxg6 hxg6 10. Qc2 Rc8 11. a3 Bxc3 12. Bxc3 Ne4 13. b3 Ndf6 14. Bf3 g5
15. Bxe4 Nxe4 16. Ke2 Qc7 17. h3 f5 18. Be1 g4 19. cxd5 exd5 20. f3 Ng3+ 21.
Bxg3 Qxg3 22. Qxf5 gxf3+ 23. gxf3 Rc7 24. Rag1 Qd6 25. Rg6 Qxa3 26. Qe5+ Kd8
27. Kf2 Qe7 28. Re6 Qh4+ 29. Kg2 Qh5 30. Qxh5 Rxh5 31. Ra1 a6 32. b4 Re7 33.
Rxe7 Kxe7 34. Kg3 Rg5+ 35. Kf4 Rg2 36. Rb1 Ke6 37. e4 1/2-1/2

[Event "Horst Emscher 2- Bochum 3"]
[Site "?"]
[Date "2023.10.29"]
[Round "3.2"]
[White "Schorra, Helmut"]
[Black "Ivanov, Alexander"]
[Result "1-0"]
[WhiteElo "1996"]
[BlackElo "1900"]
[PlyCount "55"]
[SourceDate "2023.11.07"]

1. d4 Nf6 2. Nf3 c5 3. d5 b5 4. e3 Bb7 5. c4 bxc4 6. Bxc4 e6 7. Nc3 exd5 8.
Nxd5 Nc6 9. O-O Na5 10. Nxf6+ Qxf6 11. Bd5 Bxd5 12. Qxd5 Nc6 13. e4 Be7 14. Re1
h6 15. Be3 O-O 16. Qxd7 Rfd8 17. Qg4 Nb4 18. e5 Qa6 19. Rec1 Nd3 20. Rc2 Rab8
21. b3 Rb4 22. Qg3 Rxb3 23. Bxh6 Bf8 24. Bg5 Re8 25. Bf6 g6 26. Qh4 Bg7 27.
Bxg7 Kxg7 28. Qf6+ 1-0

[Event "Horst Emscher 2- Bochum 3"]
[Site "?"]
[Date "2023.10.29"]
[Round "3.3"]
[White "Peters, Olaf"]
[Black "Rydzewski, Klaus"]
[Result "0-1"]
[WhiteElo "1873"]
[BlackElo "1945"]
[Annotator "daniel"]
[PlyCount "77"]
[SourceDate "2023.11.07"]

1. c4 e5 2. Nc3 d6 3. g3 f5 4. Bg2 Nf6 5. e3 c6 6. Nge2 Be7 7. d4 Qc7 8. b3 O-O
9. O-O Be6 10. Bb2 Nbd7 11. Rc1 Rad8 $11 12. Qc2 g6 13. Qd2 Bf7 14. h3 Rfe8 15.
e4 fxe4 16. Nxe4 Nxe4 17. Bxe4 Bf6 18. Bg2 Nf8 19. d5 c5 20. Nc3 Bg7 21. Ne4
Qe7 22. Rce1 Nd7 23. f4 Rf8 24. a4 b6 25. Re2 h6 26. Rfe1 Rde8 27. Nf2 Qd8 28.
Ng4 h5 29. fxe5 hxg4 30. e6 Ne5 31. exf7+ Rxf7 32. hxg4 Ref8 33. g5 Rf5 34. Bc1
Ng4 35. Bb2 Bxb2 36. Qxb2 Ne5 37. Rxe5 dxe5 38. Rxe5 Qxg5 39. Re7 0-1

[Event "Horst Emscher 2- Bochum 3"]
[Site "?"]
[Date "2023.10.29"]
[Round "3.4"]
[White "Verfuerth, Christian"]
[Black "Abdullayev, Elchin"]
[Result "1/2-1/2"]
[WhiteElo "1851"]
[BlackElo "1878"]
[PlyCount "91"]
[SourceDate "2023.11.07"]

1. d4 c5 2. d5 Nf6 3. Nc3 d6 4. e4 g6 5. Nf3 Nbd7 6. Be2 a6 7. a4 Bg7 8. O-O
O-O 9. h3 Ne8 10. Bf4 Ne5 11. Nxe5 dxe5 12. Be3 Qc7 13. a5 Bd7 14. Qd2 Nd6 15.
Bh6 f5 16. Bxg7 Kxg7 17. exf5 Nxf5 18. Ne4 Nd4 19. Ra3 Bf5 20. f3 Bd7 21. c3
Nf5 22. Bc4 Nd6 23. b3 Bf5 24. Qe3 Bxe4 25. fxe4 Rxf1+ 26. Kxf1 Rf8+ 27. Kg1
Rf4 28. Bd3 c4 29. bxc4 Nxc4 30. Bxc4 Qxc4 31. Ra1 Rxe4 32. Qg5 Qc5+ 33. Kh2 h6
34. Qd2 Rc4 35. Rb1 Qc7 36. Rb6 Rxc3 37. d6 exd6 38. Rxd6 e4 39. Qd4+ Kf7 40.
Qf6+ Ke8 41. Qxg6+ Ke7 42. Qf6+ Ke8 43. Qe6+ Kf8 44. Qxh6+ Kg8 45. Qg5+ Kh7 46.
Qg6+ 1/2-1/2

[Event "Horst Emscher 2- Bochum 3"]
[Site "?"]
[Date "2023.10.29"]
[Round "3.5"]
[White "Lampe, Thomas"]
[Black "Wilbert, Siegfried"]
[Result "0-1"]
[WhiteElo "1925"]
[BlackElo "1858"]
[PlyCount "100"]
[SourceDate "2023.11.07"]

1. e4 c5 2. b4 cxb4 3. a3 bxa3 4. Nxa3 Nc6 5. Nf3 d6 6. d4 Bd7 7. Bd3 g6 8. O-O
Bg7 9. c3 a6 10. Re1 b5 11. Be3 Na5 12. Qe2 e6 13. h4 h6 14. Rac1 Ne7 15. Bf4
Nc8 16. Qe3 Qe7 17. h5 e5 18. Bg3 g5 19. Nh2 O-O 20. Be2 Rb8 21. Nc2 Nb6 22.
Nb4 Nb3 23. Rb1 exd4 24. cxd4 Nxd4 25. Nxa6 Rbc8 26. Red1 Rc3 27. Bd3 Rfc8 28.
Nb4 Be6 29. Nf3 Nc4 30. Qe1 Nxf3+ 31. gxf3 Ne5 32. Be2 Qc7 33. Nd5 Bxd5 34.
Rxd5 Nxf3+ 35. Bxf3 Rxf3 36. Qe2 Qc3 37. Kg2 g4 38. Rxd6 Bd4 39. Rh1 Kg7 40.
Rh4 Kf8 41. Rxg4 Rd3 42. Rxh6 Ke7 43. Rh7 Qc4 44. Qe1 b4 45. Rf4 Rf8 46. e5
Qd5+ 47. Kh2 Bc3 48. Bh4+ Ke8 49. Qe2 Rg8 50. Bg3 Rgxg3 0-1

[Event "Horst Emscher 2- Bochum 3"]
[Site "?"]
[Date "2023.10.29"]
[Round "3.6"]
[White "Krakau, Uwe"]
[Black "Vonderhecken, Florian"]
[Result "0-1"]
[WhiteElo "1755"]
[BlackElo "1785"]
[PlyCount "66"]
[SourceDate "2023.11.07"]

1. d4 Nf6 2. Bf4 g6 3. Nd2 d5 4. Ngf3 Bg7 5. c3 O-O 6. e3 Nc6 7. Bd3 a6 8. Qc2
b5 9. a4 Rb8 10. O-O h6 11. axb5 axb5 12. Ne5 Qe8 13. Ndf3 Nh5 14. Nxc6 Qxc6
15. Be5 f6 16. Bxg6 fxe5 17. Nxe5 Bxe5 18. dxe5 Ng7 19. Bh7+ Kh8 20. e4 Kxh7
21. exd5+ Qg6 22. Qe2 Nh5 23. g3 Nf4 24. Qd2 Bb7 25. f3 Bxd5 26. Kh1 Nh3 27.
Kg2 Bb7 28. Qe3 Nf4+ 29. Kh1 Nh3 30. Rae1 Ng5 31. Qc5 Qe6 32. Re3 Nxf3 33. Qxc7
Nd2+ 0-1

[Event "Horst Emscher 2- Bochum 3"]
[Site "?"]
[Date "2023.10.29"]
[Round "3.7"]
[White "Czarnetzki, Lori"]
[Black "Schreiner, Paulo"]
[Result "1/2-1/2"]
[WhiteElo "1747"]
[BlackElo "1786"]
[PlyCount "93"]
[SourceDate "2023.11.07"]

1. d4 d5 2. c4 e6 3. Nc3 Nf6 4. Bg5 Be7 5. e3 h6 6. Bh4 O-O 7. Nf3 b6 8. Rc1
Bb7 9. Bd3 dxc4 10. Bxc4 c5 11. O-O Nbd7 12. Ne5 Nxe5 13. dxe5 Nd7 14. Bxe7
Qxe7 15. f4 Rfd8 16. Qh5 a6 17. a4 Nf8 18. g4 Rd2 19. Rf2 Rad8 20. Rc2 Rxc2 21.
Rxc2 Qd7 22. Bf1 Bc6 23. g5 hxg5 24. Qxg5 b5 25. axb5 axb5 26. Bg2 Ba8 27. Rf2
b4 28. Ne4 Bxe4 29. Bxe4 c4 30. h4 c3 31. bxc3 bxc3 32. h5 Qd1+ 33. Rf1 Qd2 34.
f5 exf5 35. Bxf5 Rd3 36. Bxd3 Qxd3 37. h6 Ne6 38. Qf5 Qxe3+ 39. Kh1 Qxh6+ 40.
Kg2 Qd2+ 41. Rf2 Qd5+ 42. Kg3 f6 43. exf6 Qxf5 44. Rxf5 c2 45. Rf1 Nd4 46. fxg7
c1=Q 47. Rxc1 1/2-1/2

[Event "Horst Emscher 2- Bochum 3"]
[Site "?"]
[Date "2023.10.29"]
[Round "3.8"]
[White "Chamera, Maxim"]
[Black "Fraenkel, Karlheinz"]
[Result "1-0"]
[WhiteElo "1728"]
[BlackElo "1782"]
[PlyCount "55"]
[SourceDate "2023.11.07"]

1. Nf3 d5 2. d4 Nf6 3. c4 e6 4. Nc3 Be7 5. Bf4 O-O 6. e3 Nh5 7. Be5 f6 8. Bg3
Nxg3 9. hxg3 c6 10. Bd3 f5 11. O-O Nd7 12. Rc1 Nf6 13. Qb3 Ne4 14. Bxe4 fxe4
15. Ne5 Bf6 16. Ng4 b6 17. Qa4 Bd7 18. Nxf6+ Rxf6 19. Qb3 Rc8 20. cxd5 exd5 21.
Nxe4 Rh6 22. f3 Kh8 23. Nd2 Qg5 24. Kf2 Rf8 25. Qa3 c5 26. dxc5 Rg6 27. c6
Qxg3+ 28. Ke2 1-0

[Event "Nord 4- Werl"]
[Site "?"]
[Date "2023.10.29"]
[Round "3.1"]
[White "Schwarzkopf, Christian"]
[Black "Fleischer, Michael"]
[Result "1/2-1/2"]
[WhiteElo "1986"]
[BlackElo "1878"]
[PlyCount "57"]
[SourceDate "2023.11.07"]

1. c4 e5 2. g3 Nf6 3. Bg2 d6 4. Nc3 Nc6 5. d3 Be7 6. Rb1 O-O 7. b4 a6 8. e3 Bg4
9. Nge2 Qc8 10. h3 Be6 11. Nd5 Re8 12. Nec3 Bxd5 13. cxd5 Nd8 14. Bd2 c6 15.
Rc1 Qf5 16. e4 Qd7 17. h4 b6 18. Bh3 Qb7 19. O-O Rb8 20. dxc6 Nxc6 21. Ne2 d5
22. exd5 Nxb4 23. d6 Bxd6 24. Bxb4 Bxb4 25. Bg2 e4 26. dxe4 Rbd8 27. Qb3 Qe7
28. Nc3 Bc5 29. Nd5 1/2-1/2

[Event "Nord 4- Werl"]
[Site "?"]
[Date "2023.10.29"]
[Round "3.2"]
[White "Schlefers, Florian"]
[Black "Stolte, Dietmar"]
[Result "1/2-1/2"]
[WhiteElo "1702"]
[BlackElo "1997"]
[PlyCount "44"]
[SourceDate "2023.11.07"]

1. e4 c5 2. c3 Nf6 3. e5 Nd5 4. d4 cxd4 5. cxd4 Nc6 6. Nf3 d6 7. Bc4 Nb6 8. Bb5
dxe5 9. Nxe5 Bd7 10. Nxd7 Qxd7 11. Nc3 e6 12. O-O Be7 13. Qg4 Bf6 14. Rd1 Nd5
15. Bxc6 Qxc6 16. Ne4 Qd7 17. Nxf6+ gxf6 18. Bf4 Ke7 19. Rac1 Rhc8 20. Bd2 Rxc1
21. Rxc1 Rc8 22. Qd1 Rxc1 1/2-1/2

[Event "Nord 4- Werl"]
[Site "?"]
[Date "2023.10.29"]
[Round "3.4"]
[White "Roth, Jan"]
[Black "Scheibe, Andreas"]
[Result "1/2-1/2"]
[WhiteElo "1702"]
[BlackElo "1770"]
[PlyCount "63"]
[SourceDate "2023.11.07"]

1. e4 e6 2. Nf3 d5 3. Nc3 dxe4 4. Nxe4 Nd7 5. g3 Ngf6 6. Nxf6+ Nxf6 7. Bg2 Bd6
8. O-O O-O 9. d4 Nd7 10. Re1 c5 11. Be3 Qc7 12. dxc5 Nxc5 13. Nd4 a6 14. c3 e5
15. Nb3 Be6 16. Nxc5 Bxc5 17. Bxc5 Qxc5 18. Qe2 f6 19. Qe3 Qc7 20. f4 Rae8 21.
fxe5 Bf7 22. e6 Rxe6 23. Qf2 Rd6 24. Re3 Rfd8 25. a3 Rd2 26. Re2 Rxe2 27. Qxe2
Qc5+ 28. Kh1 Bd5 29. Rd1 Bxg2+ 30. Kxg2 Qc6+ 31. Kf2 Re8 32. Qd2 1/2-1/2